Le corps humain dans les titres de films (click) - Statistiques

Statistiques générales
  • Ce quiz a été pris 293 fois
  • Le résultat moyen est 17 sur 27
Statistiques - réponses
Hint Réponse % Correct
L'Homme qui murmurait à l'_____ des chevaux oreille
94%
Les _____ de la mer dents
93%
Edward aux _____ d'argent mains
87%
La Moutarde me monte au _____ nez
87%
Les liens du _____ sang
84%
La _____ haute tête
80%
Un papillon sur l'_____ épaule
79%
_____ d’âne peau
78%
Le _____ des hommes cœur
76%
Le _____ au mur dos
76%
Pas sur la _____ bouche
75%
Indiana Jones et le Royaume du _____ de cristal crâne
75%
À _____ perdus corps
74%
_____, mensonges & vidéo sexe
69%
À _____ ouverts bras
68%
_____ aiguille talon
67%
La rage au _____ ventre
61%
Les _____ jaunes des crocodiles yeux
61%
On a volé la _____ de Jupiter cuisse
60%
Au bout des _____ doigts
51%
_____, villages visages
49%
_____ nus sur les limaces pieds
44%
Sur mes _____ lèvres
43%
Entre les _____ jambes
33%
Les _____ de glace seins
32%
Le _____ de Claire genou
28%
_____ vert et tapis rouge poumon
22%
Aucun quiz correspondant
Distribution des résultats
% des personnes avec chaque résultat
Percentile par nombre de réponses
Votre historique - résultats
Vous n’avez pas pris ce quiz